00714nab a2200193 uc450000100070000000500170000700800410002403500110006503500210007604000130009704100080011010000450011824500570016365000360022065000310025665000420028765000510032977301400038073433720260427110923.0020502s1999 spa  a734337 a(OCoLC)819942767 ccomduadb aspa10aPosada Mejía, Gisela Sofía4auteaut10aMe lanzo al lienzo como quien se lanza a una piscina aGrau Araujo, Enrique, 1920-2004 7aArtistas colombianos2lemb aSalon Nacional de Artistas - Colombia aGrau Araujo, Enrique, 1920-2004. El compromiso0 tAlma Mater. Universidad de Antioquia (Medellín)gNúmero 467, Mayo 1999, p. 21w(CO-MdUADB)700931x1657-43030212942o61000004291399